| 000 | 01489nam a2200241Ia 4500 | ||
|---|---|---|---|
| 999 |
_c52713 _d52713 |
||
| 001 | 19738 | ||
| 003 | GE_BSU | ||
| 005 | 20200416154548.0 | ||
| 008 | 181216s2013||||ge |||||||||||||| ||geo|| | ||
| 020 | _a9789941045547(მეცამეტე წიგნის) | ||
| 040 | _cGE_BSU | ||
| 041 | _ageo | ||
| 080 | _a016 ს-32 | ||
| 245 |
_aსაქართველო - ანოტირებული ბიბლიოგრაფიული საძიებელი : _bწ. 13 / _cსაძიებელზე მუშაობდნენ : ე. იმნაძე, დ. თეთრაშვილი, ლ. ლორთქიფანიძე და სხვ. ; გამოც. რედ. ვ. კიკილაშვილი ; ბიბლიოგრ. რედ. გ. თაყნიაშვილი ; რედ. ჟ. ქავთარაძე. |
||
| 264 |
_aთბილისი : _b[გ.გ.], _c2013. |
||
| 300 |
_a369 გვ. ; _c20 სმ. |
||
| 653 | _aბიბლიოგრაფია | ||
| 653 | _aსაქართველო - ანოტირებული ბიბლიოგრაფია | ||
| 700 |
_aთაყნიაშვილი, გ. _eრედაქტორი _97920 |
||
| 700 |
_aქავთარაძე, ჟ. _eრედაქტორი _97921 |
||
| 710 |
_aსაქართველოს პარლამენტის ეროვნული ბიბლიოთეკა _97897 |
||
| 942 |
_cBK _2udc |
||